Catalog

Record Details

Catalog Search



The next always #1 [CD/sound recording] / Nora ... Read More

Roberts, Nora.(Author).
Andrews, MacLeod.(Added Author).

Available copies

  • 2 of 2 copies available at LARL/NWRL Consortium.

Current holds

0 current holds with 2 total copies.

Show Only Available Copies
Location Call Number / Copy Notes Barcode Shelving Location Status Due Date
Greenbush Public Library BOOK-ON-CD ROB (Text) 35500004986673 Main Available -
Thief River Falls Public Library BOOK-ON-CD ROB (Text) 35500005010374 Main Available -

Record details

  • ISBN: 9781455806843
  • ISBN: 1455806846
  • Physical Description: 10 sound discs (11 hr., 26 min.) : digital ; 4 3/4 ... Read More
  • Edition: Unabridged.
  • Publisher: Grand Haven, MI : Brilliance Audio, p2011.

Content descriptions

General Note:
Title from container.
Compact disc.
Duration: 11:26:00.
Creation/Production Credits Note:
Director, Jerry Maybrook.
Participant or Performer Note:
Read by MacLeod Andrews.
Summary, etc.:
The historic hotel in BoonsBoro, Maryland, has ... Read More
Subject: Hotels > Maryland > Boonsboro > Fiction.
Historic buildings > Maryland > Boonsboro > Fiction.
Man-woman relationships > Fiction.
Genre: Love stories.
LDR 01899cim a2200409Ia 4500
001136232
003LARL_NWRL_CONSORTIUM
00520111025122503.0
007sd fungnnmmneu
008110713s2011 miunnnne f n eng d
020 . ‡a9781455806843
020 . ‡a1455806846
0243 . ‡a9781455806843
035 . ‡a(OCoLC)741122893
08204. ‡a813/.54 ‡223
1001 . ‡aRoberts, Nora. ‡0(LARL_NWRL_CONSORTIUM)79375
24514. ‡aThe next always ‡n#1 ‡h[CD/sound recording] / ‡cNora Roberts.
250 . ‡aUnabridged.
260 . ‡aGrand Haven, MI : ‡bBrilliance Audio, ‡cp2011.
300 . ‡a10 sound discs (11 hr., 26 min.) : ‡bdigital ; ‡c4 3/4 in.
4900 . ‡aInn Boonsboro trilogy ; ‡v1
500 . ‡aTitle from container.
5110 . ‡aRead by MacLeod Andrews.
508 . ‡aDirector, Jerry Maybrook.
500 . ‡aCompact disc.
500 . ‡aDuration: 11:26:00.
520 . ‡aThe historic hotel in BoonsBoro, Maryland, has endured war and peace, changing hands, even rumored hauntings. Now it's getting a major facelift from the Montgomery brothers and their eccentric mother. As the architect of the family, Beckett's social life consists mostly of talking shop over pizza and beer. But there's another project he's got his eye on: the girl he's been waiting to kiss since he was fifteen.
650 0. ‡aHotels ‡zMaryland ‡zBoonsboro ‡vFiction.
650 0. ‡aHistoric buildings ‡zMaryland ‡zBoonsboro ‡vFiction.
650 0. ‡aMan-woman relationships ‡vFiction. ‡0(LARL_NWRL_CONSORTIUM)165985
655 7. ‡aLove stories. ‡2gsafd.
7001 . ‡aAndrews, MacLeod.
901 . ‡a136232 ‡bISxN ‡c136232 ‡tbiblio

Additional Resources